[Event "Iberoamerican-ch 9th"]
[Site "Panama City"]
[Date "2023.11.30"]
[Round "7"]
[White "Rosas Valdes, Javier Alfonso"]
[Black "Barcia Dominguez, Andrea Alejandra"]
[Result "0-1"]
[WhiteElo "1039"]
[BlackElo "1237"]
[PlyCount "146"]
[EventDate "2023.11.25"]
[EventType "swiss"]
[EventRounds "9"]
[EventCountry "PAN"]
[SourceTitle "CBM 217 Extra"]
[Source "ChessBase"]
[SourceDate "2024.01.31"]
[SourceVersion "1"]
[SourceVersionDate "2024.01.31"]
[SourceQuality "1"]

1. d4 d5 2. c4 c6 3. Nc3 Nf6 4. Nf3 Bf5 5. e3 e6 6. g3 Be7 7. cxd5 Nxd5 8. Bg2 Nd7 9. 0-0 N7b6 10. Re1 Bb4 11. Bd2 Bg4 12. a3 Nxc3 13. Bxc3 Be7 14. b4 0-0 15. h3 Bh5 16. a4 Nd5 17. Qb3 Qb6 18. Rab1 Rac8 19. Ne5 Qa6 20. Bf1 b5 21. a5 Qb7 22. e4 Nf6 23. Bg2 Bg6 24. Nxg6 hxg6 25. Red1 Rfd8 26. Rb2 Rd7 27. Rbd2 Rcd8 28. d5 cxd5 29. Bxf6 gxf6 30. exd5 exd5 31. Bxd5 Qc7 32. Bxf7+ Kg7 33. Rxd7 Rxd7 34. Rxd7 Qxd7 35. Bg8 Bxb4 36. Qxb4 Kxg8 37. Kf1 Qd1+ 38. Qe1 Qxe1+ 39. Kxe1 a6 40. Kd2 Kf7 41. f4 Ke6 42. Kd3 f5 43. Kd4 Kf6 44. h4 Ke6 45. Kc5 Kd7 46. Kd5 Ke7 47. Ke5 Kd7 48. h5 gxh5 49. Kxf5 Kd6 50. Ke4 Ke6 51. f5+ Kf6 52. Kf4 b4 53. Ke3 b3 54. Kd2 b2 55. Kc2 b1Q+ 56. Kxb1 Kxf5 57. Kc2 Kg4 58. Kb3 Kxg3 59. Kb4 h4 60. Kc5 h3 61. Kb6 h2 62. Kxa6 h1Q 63. Kb6 Qb1+ 64. Kc6 Qb8 65. a6 Kf4 66. Kc5 Ke5 67. Kc6 Kd4 68. a7 Qxa7 69. Kb5 Qc7 70. Ka6 Qb8 71. Ka5 Kc4 72. Ka6 Kc5 73. Ka5 Qb5# 0-1

[Event "Iberoamerican-ch 9th"]
[Site "Panama City"]
[Date "2023.11.29"]
[Round "6"]
[White "Reinhard Moller, Gustavo"]
[Black "Rosas Valdes, Javier Alfonso"]
[Result "1-0"]
[WhiteElo "1320"]
[BlackElo "1039"]
[PlyCount "95"]
[EventDate "2023.11.25"]
[EventType "swiss"]
[EventRounds "9"]
[EventCountry "PAN"]
[SourceTitle "CBM 217 Extra"]
[Source "ChessBase"]
[SourceDate "2024.01.31"]
[SourceVersion "1"]
[SourceVersionDate "2024.01.31"]
[SourceQuality "1"]

1. e4 c5 2. Nc3 Nc6 3. g3 e6 4. Bg2 d6 5. d3 Nf6 6. Nge2 Be7 7. 0-0 0-0 8. f4 g6 9. f5 exf5 10. Bh6 Re8 11. exf5 Bxf5 12. Nf4 Bf8 13. Bxf8 Rxf8 14. Ncd5 Nxd5 15. Nxd5 f6 16. g4 Be6 17. Qe1 Bxg4 18. Qh4 f5 19. Qh6 Rc8 20. h3 Bh5 21. Nf4 Qe8 22. Rae1 Qf7 23. Bd5 Qxd5 24. Nxd5 Ne5 25. Rxe5 dxe5 26. Ne7+ Kf7 27. Qxh7+ Kf6 28. Nxc8 Rxc8 29. Qxb7 Rh8 30. Qxa7 Be2 31. Rf2 Bd1 32. Qxc5 Rxh3 33. Qd6+ Kf7 34. Qxe5 Bf3 35. Rxf3 Rxf3 36. Qd5+ Ke7 37. Qxf3 f4 38. Qxf4 g5 39. Qxg5+ Ke6 40. c4 Kd6 41. Qd5+ Ke7 42. c5 Kf6 43. c6 Ke7 44. c7 Kf6 45. c8R Ke7 46. Rc7+ Ke8 47. Qf7+ Kd8 48. Qe7# 1-0